| 000 | 00340cam a22001217a 4500 | ||
|---|---|---|---|
| 008 | 180718b1986 xxu||||| |||| 00| 0 eng d | ||
| 082 | _aB136x54 D35 | ||
| 100 | _aDeb, K. | ||
| 245 |
_aRural development in India since independence _cby K. Deb |
||
| 260 |
_aNew Delhi _bSterling _c1986 |
||
| 300 | _a302p. | ||
| 650 | _aRural development - India | ||
| 999 |
_c343784 _d343784 |
||